Statistics for Geography starting with N

Click here to take the quiz!

General Stats

  • This quiz has been taken 32 times
  • The average score is 7 of 10

Answer Stats

LettersClueAnswer% Correct
7Most populated African countryNigeria
100%
4Worlds longest riverNile
100%
5Asian lanlocked countryNepal
94%
12New England stateNew Hampshire
87%
13Ninth most populated US staeNorth Carolina
81%
11Largest city in USANew York City
74%
10Antipodean countryNew Zealand
58%
9Only Oceanic capital with a punctuation markNuku'alofa
45%
8Capital of 'Dead Heart of Africa'N'Djamena
32%
6New Caledonian capitalNoumea
29%

Score Distribution

Percentile by Number Answered

Percent of People with Each Score

Your Score History

You have not taken this quiz